LDR 00669naa#a2200181#i#450# 001 EN\\bibl\123840 005 20260630003459.2 011 ## _a2413-2527 100 ## _a20260624b2026####ek#y0engy0150####ca 102 ## _aRU 200 1# _aContrastive Self-Supervised Learning in Transportation Monitoring Systems: A Practical Approach to Early Anomaly Detection _eJournal article 210 1# _aSaint-Petersburg _cFSBEI HE "Emperor Alexander I St. Petersburg State Transport University" _d2026 215 ## _a8 с. 608 ## _aJournal article _2local 675 ## _aОбучение. 004.85 _z 700 #1 _aKonkov _gDmitry Aleksandrovich 700 #1 _aBozhko _gLesya Mikhaylovna 856 4# _aatjournal.ru _u